| 000 | 00443nam a2200097Ia 4500 | ||
|---|---|---|---|
| 008 | 180130s9999 xx 000 0 und d | ||
| 245 |
_cBaker, Karen E.; Brandell, Jerrold R. _aIntroduction: child and adolescent psychotherapy and psychoanalysis |
||
| 260 | _c2013 | ||
| 300 | _aBook title: Child and adolescent psychotherapy and psychoanalysis : one hundred years after 'Little Hans'--Acession number C17211; pages 1 - 5 | ||
| 650 | _aPSYCHOTHERAPY | ||
| 999 |
_c354013 _d354013 |
||